02105nam a2200361 i 4500003000900000005001700009008004100026040004600067041000800113082002800121092000700149099003600156100004400192245026100236264006500497300003000562336002200592337002400614338003300638500005100671504010800722546011600830650008100946650002801027651001001055856005201065905000701117942001901124999001701143952022801160952018001388952017501568EG-GICUC20260121101502.0251214s2003 ua ||||fr|||| 00| 0 ara d a EG-GICUCbarac EG-GICUCd EG-GICUCerda aara04221a341.511bم ح . ح04221 aLaw1 11 341.511 م ح . ح 20030 aمحمد صافى يوسفeمؤلف.12aالمحكمة الدولية لقانون البحار :bدراسة تحليلية للجوانب التنظيمية والوظيفية للمحكمة ولأهم الأحكام القضائية الصادرة عنها /cمحمد صافى يوسف. 1aالقاهره :bدار النهضة العربية,c2003. a368 ؛ صفحةc24 سم. 2rda contentatext 2rda mediaaComputer 2rda carrieraOnline Resource aاهداء مكتبة ا.د. صلاح عامر aيحتوي على ارجاعات ببليوجرافية يحتوي على قائمة بالمراجع aالنص أغلبه باللغة العربية بعض النصوص الإنجليزية والفرنسية1 aالمحاكم الدوليةxالقانون الدولى العام2qrmak1 aقانون البحار1 2qrmak40uhttps://fll.law.cu.edu.eg/fulltext/bks/test.pdf a75 2ddcn0cBKe21 c50415d50415 00102ddc40718القانون الدولي العامaCUbLAW1d2025-12-14eاهداء مكتبة ا.د. صلاح عامرl0oLaw1 11 341.511 م ح . ح 2003 1105145 C1pB11-05145r2025-12-14 17:21:28t1w2025-12-14yBK 00102ddc40708القانون الدولي العامaCUbLAW1d2026-02-12l0oLaw1 11 341.511 م ح . ح 2003 1107681 C2pB11-07681r2026-02-12 10:35:16t2w2026-02-12yBK 00102ddc40708القانون الدولي العامaCUbLAW2d2026-02-17l0oLaw2 11 341.511 م ح . ح 1107648 C3pB11-07648r2026-02-17 17:22:18t3w2026-02-17yBK